| 000 | 01361nam a2200217 a 4500 | ||
|---|---|---|---|
| 003 | AM-YeHGA | ||
| 040 | _aAM-YeHGA | ||
| 942 |
_2udc _cBK |
||
| 090 | _c449620 | ||
| 005 | 20250617160133.0 | ||
| 008 | 190415s1960 ru ||||fr|||||00||0|rus|| | ||
| 041 | 0 | _arus | |
| 100 | 1 | _aПисаревский, А. М. | |
| 245 | 1 | 0 |
_aПостроение блок-схем и колебательных систем передатчиков длинных, средних и коротких волн : _b (Учеб. пособие к курсовому проектированию) / _cА.М. Писаревский ; М-во связи СССР ; Ленингр. электротехн. ин-т связи им. проф. М. А. Бонч-Бруевича, Кафедра радиопередающих устройств. |
| 260 |
_aЛенинград : _b [б. и.], _c1960. |
||
| 300 |
_a224 с. : _b черт. ; _c22 см. |
||
| 504 | _aБиблиогр.: с. 222 (11 назв.): | ||
| 650 | 1 | 4 |
_aРадиопередатчики _vКурсовое проектирование | |
| 710 | 2 | _aМинистерство связи СССР : | |
| 710 | 2 |
_aЛенинградский электротехнический институт связи им. проф. М. А. Бонч-Бруевича : _bКафедра радиопередающих устройств |
|
| 999 |
_c446744 _d446744 |
||